00609nam a2200169 a 450000100100000000500170001000800410002704000250006808200110009311000480010424500210015226000660017330000500023959000240028995201090031399900170042200004783520201002060751.0180828s2011 dr 000 0 spa d aDO-SdBNPbspacBNPHU axxbxx2 aFundación Dominicana de Desarrollo95459210aMemorias 2010 /. aSanto Domingo :bFundación Dominicana de Desarrollo,c2011. a91 p. :bil., gráfs., retrs. ;c31 cm.+ CD. aInventario, 2018/VM 0010718PDaPDbPDcHDd2018-08-28iLF1l0oxx xxp47835-10r2020-06-25w2020-06-25yLFPDZNo se presta c47323d47323